LEADER 00743naa a2200157 i 4500 001 000000295042 003 CaOOAMICUS 005 20180831172518.0 008 180831n xx u000 u und u 013 $a2340 040 $aSeMil$bita 100 1 $aRicciardi, Lucia.$0(OLS)http://semarc/name/85206 245 13$aLo sviluppo della cavalleria medievale :$bil caso di Firenze attraverso i riti cavallereschi. 650 4$aFirenze - Storia.$0(OLS)http://semarc/subject/361 773 0 $aConvegno ĢI Templari e San Bernardo di Chiaravalleģ <1. ; Firenze ; 1992>$tTemplari.$d[Firenze] : Certosa di Firenze, 1995.$w()44402 996 $6245$aLo sviluppo della cavalleria medievale :$bil caso di Firenze attraverso i riti cavallereschi$9(OLS)http://semarc/title/371111 LEADER 01037nam a2200241 i 4500 001 000000114297 003 CaOOAMICUS 005 20030415000000.0 008 030415s1991 it u000 u ita u 013 $a86983 040 $aSeMil$bita 245 10$aAtti del 1. Simposio di Efeso su S. Giovanni Apostolo /$ca cura di L. Padovese. 300 $a151 p. 500 $aFondo Card. C.M. Martini. 650 4$aGiovanni - Congressi.$0(OLS)http://semarc/subject/10249 700 1 $aSimposio di Efeso su S. Giovanni Apostolo <1. ; 1990 ; Efeso>.$0(OLS)http://semarc/name/47786 700 1 $aPadovese, Luigi,$c.$0(OLS)http://semarc/name/5050 773 0 $tTurchia.$dRoma : Istituto Francescano di Spiritualitā, 1990.$g2$w()9098 850 $aSeMil 852 $aSeMil$W1$xVenegono$y1$m2V III 34$j69879$B69879$CSeMilBibl$Z2$F78913 $81 941 1 $a4 961 $aOmaggio: Martini Card. Carlo Maria 996 $6245$aAtti del 1. Simposio di Efeso su S. Giovanni Apostolo$9(OLS)http://semarc/title/167015